Revitalizácia liečebného areálu s príkladovou štúdiou

Salvato in:
Dettagli Bibliografici
Autore principale: Nemcová, Michaela (Autore)
Altri autori: Majorošová, Martina (Relatore della tesi)
Natura: Manoscritto Libro
Lingua:slovacco
Pubblicazione: 2021
Soggetti:
Accesso online:http://is.stuba.sk/zp/portal_zp.pl?podrobnosti=159884
https://opac.crzp.sk/?fn=detailBiblioForm&sid=7E417B54B864B7C45220F84635AB
Tags: Aggiungi Tag
Nessun Tag, puoi essere il primo ad aggiungerne!!

MARC

LEADER 00000ntm a22000003a 4500
001 stuzp84027
003 SK-STU
005 20230515103648.7
007 ta
008 150427s2015----xo-----f-mn---000-0-slo-d
040 |a STU  |b slo 
041 0 |a slo 
100 1 |a Nemcová, Michaela  |u 010160  |4 aut  |U SvF Stavebná fakulta  |T SvF Katedra vodného hospodárstva krajiny  |X 77132  |U V160  |Y 16  |7 77132 
242 0 1 |a Revitalization of the treatment area with a case study  |y eng 
245 1 0 |a Revitalizácia liečebného areálu s príkladovou štúdiou 
260 |c 2021 
650 4 |a liečebné areály  |2 slo 
650 4 |a sadovnícke úpravy  |2 slo 
650 4 |a revitalizácia  |2 slo 
650 4 |a exteriér  |2 slo 
650 4 |a kúpeľné areály  |2 slo 
650 4 |a dizajn  |2 slo 
650 4 |a healing areas  |2 eng 
650 4 |a landscaping  |2 eng 
650 4 |a spa areas  |2 eng 
650 4 |a revitalization  |2 eng 
650 4 |a exterior  |2 eng 
650 4 |a design  |2 eng 
700 1 |a Majorošová, Martina  |u 010160  |k Z1  |4 ths  |U SvF Stavebná fakulta  |T SvF Katedra vodného hospodárstva krajiny  |X 68887  |U V160  |Y 16  |7 A000068887 
856 4 |u http://is.stuba.sk/zp/portal_zp.pl?podrobnosti=159884 
856 4 |u https://opac.crzp.sk/?fn=detailBiblioForm&sid=7E417B54B864B7C45220F84635AB